Vista normal
Vista MARC
Entrada Materia (personas)
Número de registros utilizados en: 1
001 - CONTROL NUMBER
- control field: 70071
003 - CONTROL NUMBER IDENTIFIER
- control field: Co-BoUCM
005 - DATE AND TIME OF LATEST TRANSACTION
- control field: 20150717111733.0
008 - FIXED-LENGTH DATA ELEMENTS
- fixed length control field: 150717|| aca||aabn | a|a d
040 ## - CATALOGING SOURCE
- Original cataloging agency: Co-BoUCM
- Transcribing agency: Co-BoUCM
100 ## - HEADING--PERSONAL NAME
- Personal name: Ceballos Ramos, Olga lucía
670 ## - SOURCE DATA FOUND
- Source citation: Work cat.: (Co-BoUCM)53086: Tarchópulos Sierra, Doris 70070, Calidad de la vivienda dirigida a los sectores de bajos ingresos en Bogotá, 2003